00800nam a22001577a 450000500170000000800410001702000180005805000200007624500770009625000120017326000390018530000310022450000250025550503420028070000200062220220215115459.0220215b ||||| |||| 00| 0 eng d a9781305639034 aJF1352.C614(8e) aClassics of public administration /cJay M. Shafritz and Albert C. Hyde. a8th ed. aBoston :bCengage Learning,c2017. ax, 627p. :bill. ;c24 cm. aIncludes references. aContents (Topical): The discipline of public administration -- Public administration in context -- Bureaucracy -- Organization theory -- Human resources management -- The budgetary process -- Public management -- Public policy and analysis -- Program implementation and evaluation -- Intergovernmental relations -- Public service ethics. aHdye, Albert C.